[Event "FRA-chT U20"]
[Site "Lille"]
[Date "2013.12.08"]
[Round "3.4"]
[White "Midy, Robin"]
[Black "Caloone, Jules"]
[Result "1-0"]
[WhiteElo "1801"]
[BlackElo "1521"]
[PlyCount "55"]
[EventDate "2013.12.07"]
[EventType "team-match"]
[EventRounds "5"]
[EventCountry "FRA"]
[SourceTitle "EXT 2015"]
[Source "ChessBase"]
[SourceDate "2014.11.20"]
[SourceVersion "1"]
[SourceVersionDate "2014.11.20"]
[SourceQuality "1"]

1. d4 d5 2. c4 c6 3. Nf3 Nf6 4. g3 e6 5. Bg2 Nbd7 6. 0-0 c5 7. cxd5 exd5 8. dxc5 Bxc5 9. Nbd2 0-0 10. Nb3 Re8 11. Nxc5 Nxc5 12. Be3 b6 13. Rc1 Ba6 14. Re1 Ng4 15. Bxc5 bxc5 16. Rxc5 Qb6 17. Qc2 Rac8 18. Rc1 Rxc5 19. Qxc5 Qxb2 20. Nd4 h6 21. h3 Ne5 22. Rc2 Qb1+ 23. Kh2 Rc8 24. Qxd5 Rxc2 25. Nxc2 Qxc2 26. Qxe5 Bxe2 27. Qe8+ Kh7 28. Be4+ 1-0

[Event "La Fere op 11th"]
[Site "La Fere"]
[Date "2012.07.09"]
[Round "3"]
[White "Caloone, Jules"]
[Black "Merbeth, Paul"]
[Result "0-1"]
[WhiteElo "1440"]
[BlackElo "1718"]
[PlyCount "72"]
[EventDate "2012.07.07"]
[EventType "swiss"]
[EventRounds "9"]
[EventCountry "FRA"]
[SourceTitle "CBM 149 Extra"]
[Source "ChessBase"]
[SourceDate "2012.08.24"]
[SourceVersion "1"]
[SourceVersionDate "2012.08.24"]
[SourceQuality "1"]

1. e4 c5 2. Nc3 d6 3. Nf3 Nf6 4. Be2 Nc6 5. d3 g6 6. Be3 Bg7 7. Qd2 Ng4 8. 0-0 Nxe3 9. fxe3 0-0 10. Rf2 a6 11. Raf1 Bh6 12. d4 Bd7 13. Bc4 b5 14. Bd5 Rc8 15. Ne1 e6 16. Bxc6 Bxc6 17. d5 b4 18. dxc6 bxc3 19. Qxc3 Rxc6 20. e5 d5 21. Rf3 Qb6 22. b3 d4 23. exd4 cxd4 24. Qd3 Qc5 25. a4 Qxe5 26. Rf6 a5 27. Kh1 Bg7 28. R6f4 f5 29. Qf3 Qd6 30. Qd3 e5 31. R4f2 e4 32. Qd1 Rc3 33. Rf4 Qa6 34. R1f2 Re3 35. Rf1 Bh6 36. Rh4 Qxf1# 0-1

[Event "La Fere op"]
[Site "La Fere"]
[Date "2010.07.10"]
[Round "9"]
[White "Matschek, Norbert"]
[Black "Caloone, Jules"]
[Result "1-0"]
[WhiteElo "1736"]
[BlackElo "1380"]
[PlyCount "47"]
[EventDate "2010.07.03"]
[EventType "swiss"]
[EventRounds "9"]
[EventCountry "FRA"]
[SourceTitle "CBM 137 Extra"]
[Source "ChessBase"]
[SourceDate "2010.09.01"]
[SourceVersion "1"]
[SourceVersionDate "2010.09.01"]
[SourceQuality "1"]

1. e4 e5 2. Bc4 Bc5 3. Nf3 Nc6 4. c3 Nf6 5. d3 d6 6. 0-0 Na5 7. b4 Nxc4 8. bxc5 Na5 9. cxd6 Qxd6 10. Ba3 Qb6 11. Nxe5 Qb5 12. f4 Qb6+ 13. Kh1 c5 14. Qa4+ Nd7 15. Nd2 f6 16. Ndc4 Nxc4 17. Nxc4 Qc7 18. e5 Qc6 19. Nd6+ Kf8 20. Qc4 Ke7 21. Qf7+ Kd8 22. Qxg7 Rf8 23. d4 cxd4 24. e6 1-0